000 00952nac a22003137a 4500
001 BR8600248
003 BR-BrBNA
005 20240105120351.0
008 230509b bl.|||m| |||| 00| 0 por d
040 _aBR-BrBNA
_bpor
_cBiblioteca Nacional de Agricultura
072 _aE10; E16
090 _aE10 BR8600248
110 1 _aFundacao Instituto de Planejamento do Ceara, Fortaleza (Brasil)
_94961
245 1 _aAnalise conjuntural da economia cearense
246 1 _a[Conjuncture analysis of the economy of Ceara]
260 3 _aFortaleza, CE (Brasil):
_c1985.
300 _a101 p.
490 _aAnalise Conjuntural da Economia Cearense (Brazil)
_vv. 12(1)
_x
500 _a39 tables
650 _aANALISE ECONOMICA
650 _aPRECO
650 _aCUSTO DE PRODUCAO
650 _aLAVOURA
650 _aPECUARIA
650 _aTRANSPORTE
650 _aCEARA
909 _a202312
_bLúcia Elande
_c55
_dLúcia Elande
942 _2AGRIS
_n0
_cMS
999 _c279099
_d279099